| 000 | 01573nam a22002657a 4500 | ||
|---|---|---|---|
| 999 |
_c60628 _d60628 |
||
| 005 | 20230925121451.0 | ||
| 008 | 230925s2016 ge ||||| |||| 00| 0 eng d | ||
| 020 | _a9789941250156 | ||
| 041 | _aeng | ||
| 080 | _a94(479.22:4)(093) D-90 | ||
| 100 |
_aDundua, Tedo _917376 |
||
| 245 |
_aGeorgia within the European Integration / _cTedo Dundua; editor Alexander Boshishvili; Ivane Javakhishvili Tbilisi State University, Faculty of Humanities, Institute of Georgian History. |
||
| 264 |
_aTbilisi : _bMeridian, _c2016. |
||
| 300 |
_a260 p. : _b tab., fig., maps ; _c20 cm. |
||
| 521 | _aბიბლიოგრ. ტექსტის შენიშვნებში. | ||
| 653 | _aსაქართველო-ევროპის ურთიერთობათა ისტორია | ||
| 653 | _aდოკუმენტური წყაროები. | ||
| 653 | _aევროპა-საქართველოს ურთიერთობათა ისტორია | ||
| 653 | _aსაქართველოს ნუმიზმატიკა | ||
| 653 | _aსაქართველოს და ანტიკური ქვეყნების ურთიერთობათა ისტორია. | ||
| 653 | _aანტიკური ქვეყნების ნუმიზმატიკა | ||
| 700 |
_aბოშიშვილი, ალექსანდრე _eრედაქტორი _919906 |
||
| 710 |
_aInstitute of Georgian History. TSU. _dFaculty of Humanities _919907 |
||
| 942 |
_2udc _cBK |
||